Sciences écoles rurales de garcons et de filles : (Record no. 52870)

MARC details
000 -CABECERA
campo de control de longitud fija 00609nam a2200193 a 4500
005 - FECHA Y HORA DE LA ÚLTIMA TRANSACCIÓN
campo de control 20210223123414.0
008 - ELEMENTOS DE LONGITUD FIJA--INFORMACIÓN GENERAL
campo de control de longitud fija 991125s1955 par 000 0 fre u
035 ## - NÚMERO DE CONTROL DEL SISTEMA
Número de control de sistema UPN01000052870
049 ## - COLECCIÓN
Colección CG
050 #4 - SIGNATURA TOPOGRÁFICA DE LA BIBLIOTECA DEL CONGRESO
Número de clasificación LB1567 F8
Número de documento/Ítem V4.7
100 1# - ASIENTO PRINCIPAL--NOMBRE PERSONAL
Nombre de persona Vernay, L.
245 10 - MENCIÓN DE TÍTULO
Título Sciences écoles rurales de garcons et de filles :
Resto del título classe de fin d'études réunis /
Mención de responsabilidad, etc. L. Vernay ; colab. R. Guillaume, P. Pierre.
260 ## - PUBLICACIÓN, DISTRIBUCIÓN, ETC.
Lugar de publicación, distribución, etc. París :
Nombre del editor, distribuidor, etc. Bourrelier,
Fecha de publicación, distribución, etc. 1955.
300 ## - DESCRIPCIÓN FÍSICA
Extensión 352 p.
650 #4 - ASIENTO SECUNDARIO DE MATERIA - TERMINO TEMATICO
Término de materia o nombre geográfico como elemento de entrada ESCUELAS RURALES -
Subdivisión geográfica FRANCIA
9 (RLIN) 13571
700 1# - ASIENTO SECUNDARIO--NOMBRE DE PERSONAL
Nombre de persona Guillaume, R.,
Término indicativo de función/relación colab.
700 1# - ASIENTO SECUNDARIO--NOMBRE DE PERSONAL
Nombre de persona Pierre, P.,
Término indicativo de función/relación colab.
905 ## - TIPO DE MATERIAL
Tipo de material Libro
Holdings
Estado de retiro Estado de pérdida Fuente del sistema de clasificación o colocación Estado dañado No para préstamo Código de colección Localización permanente Ubicación/localización actual Ubicación en estantería Total de préstamos Clasificación Código de barras Fecha visto por última vez Número de copia Tipo de ítem Koha
    Library of Congress Classification     Colección General Bib. Gregorio Torres Quintero Bib. Gregorio Torres Quintero Planta baja   LB1567 F8 V4.7 48385 31/12/2020 1 Libro